[Event "Gibraltar U16 op"]
[Site "Caleta"]
[Date "2019.08.19"]
[Round "6"]
[White "Guilfanov, Raphael"]
[Black "Gough, Theo"]
[Result "0-1"]
[WhiteElo "1493"]
[BlackElo "1474"]
[PlyCount "114"]
[EventDate "2019.08.16"]
[EventType "swiss"]
[EventRounds "6"]
[EventCountry "GGB"]
[SourceTitle "CBM 195 Extra"]
[Source "ChessBase"]
[SourceDate "2020.05.31"]
[SourceVersion "1"]
[SourceVersionDate "2020.05.31"]
[SourceQuality "1"]

1. d4 d5 2. Bf4 Nf6 3. c3 c5 4. Nd2 Nc6 5. e3 e6 6. Bd3 c4 7. Bc2 Be7 8. Ngf3 Nh5 9. Bg3 Bd7 10. Ne5 Nxg3 11. hxg3 g6 12. Nxg6 fxg6 13. Bxg6+ Kf8 14. Qh5 Bf6 15. Qf3 Be8 16. Rxh7 Rxh7 17. Bxh7 Qe7 18. Bc2 Qf7 19. 0-0-0 Bg7 20. Qg4 Ke7 21. Rh1 Bd7 22. Rh7 Rg8 23. e4 Kf8 24. Qe2 Rh8 25. Rxh8+ Bxh8 26. exd5 exd5 27. Qe1 Bf6 28. Nf3 b5 29. Nh4 Bxh4 30. gxh4 Qf4+ 31. Kb1 Qxh4 32. b3 Qg5 33. Qh1 Qf6 34. g3 Ne7 35. Bd1 Bf5+ 36. Ka1 Qg5 37. Qh8+ Ng8 38. f4 Qxg3 39. Kb2 Qxf4 40. Bh5 b4 41. cxb4 Qd2+ 42. Ka3 Qc1+ 43. Ka4 Bd7+ 44. b5 c3 45. Qe5 Qh6 46. Qb8+ Kg7 47. Qe5+ Nf6 48. Qe7+ Kh8 49. Qd8+ Kh7 50. Qe7+ Qg7 51. Bf7 Be8 52. Ka5 Qxf7 53. Qc5 Ne4 54. Qa3 Qc7+ 55. Kb4 Qd6+ 56. Ka4 Qxa3+ 57. Kxa3 Bxb5 0-1

[Event "Gibraltar U16 op"]
[Site "Caleta"]
[Date "2019.08.16"]
[Round "2"]
[White "Guilfanov, Raphael"]
[Black "Maldonado Mena, German"]
[Result "0-1"]
[WhiteElo "1493"]
[BlackElo "1850"]
[PlyCount "56"]
[EventDate "2019.08.16"]
[EventType "swiss"]
[EventRounds "6"]
[EventCountry "GGB"]
[SourceTitle "CBM 195 Extra"]
[Source "ChessBase"]
[SourceDate "2020.05.31"]
[SourceVersion "1"]
[SourceVersionDate "2020.05.31"]
[SourceQuality "1"]

1. d4 d5 2. Bf4 Nf6 3. e3 c5 4. c3 Nc6 5. Nf3 Qb6 6. Qc2 c4 7. Nbd2 g6 8. Be2 Bf5 9. Qc1 Nh5 10. Be5 f6 11. Bg3 Nxg3 12. hxg3 g5 13. g4 Bxg4 14. Qc2 0-0-0 15. Nxg5 Bxe2 16. Qf5+ Rd7 17. Nf7 Bd3 18. Qe6 Qxb2 19. Rd1 Nd8 20. Nxd8 Kxd8 21. Rh5 Qb6 22. Qg4 Bc2 23. Qg3 Qc7 24. f4 Bxd1 25. Rxh7 Rxh7 26. Qg8 Rh1+ 27. Kf2 Rd6 28. Qxf8+ Kd7 0-1